Kadra Barcelony w LM 2019/2020 - Statystyki

Ogólne statystyki
  • Ten quiz został rozwiązany 172 razy
  • Średni wynik to 17 z 24
Statystyki odpowiedzi
pozycja # kraj piłkarz % Poprawnych
N 10 ARG Lionel Messi
99%
B 1 GER Marc Andre Ter Stegen
99%
O 3 ESP Gerard Pique
96%
N 9 URU Luis Suarez
96%
O 23 FRA Samuel Umtiti
92%
P 4 CRO Ivan Rakitic
91%
P 21 NED Frenkie De Jong
89%
N 11 FRA Ousmane Dembele
87%
O 18 ESP Jordi Alba
86%
P 22 CHI Arturo Vidal
85%
P 5 ESP Sergio Busquets
84%
O 15 FRA Clement Lenglet
82%
B 13 BRA Neto
82%
O 2 POR Nelson Semedo
79%
N 17 FRA Antoine Griezmann
75%
Trener - ESP ESP Ernesto Valverde/ Quique Setien
68%
P 20 ESP Sergi Roberto
67%
P 8 BRA Arthur
62%
N 31 ESP/GNB Ansu Fati
60%
O 6 FRA Jean Clair Todibo
39%
O 24 ESP Junior Firpo
33%
O 16 SEN Moussa Wague
26%
P 19 ESP Carles Alena
21%
N 27 ESP Carles Perez
14%
Nie znaleziono quizów pasujących do podanych kryteriów
Rozkład punktacji
Procent ludzi z każdym wynikiem
Percentyl według liczby udzielonych odpowiedzi
Twoja historia wyników
Nie rozwiązałeś tego quizu